| Tag |
First Indicator |
Second Indicator |
Subfields |
| LEADER |
00000pam a22000004a 4500 |
| 001 |
in00002091237 |
| 005 |
20151102145851.0 |
| 008 |
041207s2005 nyua b 000 0 eng |
| 010 |
|
|
|a 2004029097
|
| 015 |
|
|
|a GBA546723
|2 bnb
|
| 016 |
7 |
|
|a 013210867
|2 Uk
|
| 020 |
|
|
|a 1568985274 (pbk : alk. paper)
|
| 035 |
|
|
|a (OCoLC)ocm57208895
|
| 040 |
|
|
|a DLC
|c DLC
|d YDX
|d UKM
|d BAKER
|d TXA
|d UtOrBLW
|
| 042 |
|
|
|a pcc
|
| 043 |
|
|
|a a-ja---
|
| 049 |
|
|
|a TXAM
|
| 050 |
0 |
0 |
|a NA1559.F63
|b A4 2005
|
| 082 |
0 |
0 |
|a 720/.92/2
|2 22
|
| 110 |
2 |
|
|a FOBA (Firm)
|
| 245 |
1 |
0 |
|a FOBA/buildings :
|b essays /
|c Katsu Umebayashi [and others].
|
| 264 |
|
1 |
|a New York :
|b Princeton Architectural Press,
|c 2005.
|
| 300 |
|
|
|a 224 pages :
|b chiefly color illustrations ;
|c 24 cm.
|
| 336 |
|
|
|a text
|b txt
|2 rdacontent
|
| 337 |
|
|
|a unmediated
|b n
|2 rdamedia
|
| 338 |
|
|
|a volume
|b nc
|2 rdacarrier
|
| 504 |
|
|
|a Includes bibliographical references (pages 222-223).
|
| 505 |
0 |
|
|a Nesting: beyond objects to the bodily experience of space / Katsu Umebayashi -- It's not what it looks like / Thomas Daniell -- Clarity and complexity / Michael Web -- Aura; Pleats; Porous; Strata; Skip; Stack; Organ; Myougei; Asphodel; Orient -- FOB homes: brand recognition / Thomas Daniell -- FOB homes typologies -- Prototypes in suburbia / Peter Allison -- FOB homes examples: F-House; H-House; T-House; K-House; I-house; F-Blanc; S-Blanc -- Afterword / Kazuhiro Kojima.
|
| 610 |
2 |
0 |
|a FOBA (Firm)
|
| 600 |
1 |
0 |
|a Umebayashi, Katsu,
|d 1963-
|
| 650 |
|
0 |
|a Architecture
|z Japan
|x History
|y 20th century.
|
| 700 |
1 |
|
|a Umebayashi, Katsu,
|d 1963-
|
| 710 |
2 |
|
|a FOBA (Firm)
|
| 856 |
4 |
1 |
|3 Table of contents
|u http://www.loc.gov/catdir/toc/ecip054/2004029097.html
|t 0
|
| 994 |
|
|
|a C0
|b TXA
|
| 948 |
|
|
|a cataloged
|b h
|c 2005/11/8
|d c
|e blrosas
|f 12:24:24 pm
|
| 999 |
|
|
|a MARS
|
| 999 |
f |
f |
|s 5f3e6745-bffa-323a-a3bb-dac6e12c4a6f
|i 26bc66b8-bcdb-3cb7-a5d6-2bb6b19c7c0e
|t 0
|
| 952 |
f |
f |
|p ric
|a Texas A&M University
|b Rellis Campus
|c Joint Library Facility
|d Remote Storage
|t 0
|e NA1559.F63 A4 2005
|h Library of Congress classification
|i unmediated -- volume
|m A14833252489
|
| 998 |
f |
f |
|a NA1559.F63 A4 2005
|t 0
|l Remote Storage
|